| 000 | 00783nam a2200277Ia 4500 | ||
|---|---|---|---|
| 003 | OSt | ||
| 005 | 20221005075956.0 | ||
| 006 | a|||||r|||| 00| 0 | ||
| 007 | ta | ||
| 008 | 221004b |||||||| |||| 00| 0 eng d | ||
| 024 | _a90807 | ||
| 037 | _cTextual | ||
| 040 |
_aCRL _cCRL _beng |
||
| 041 |
_2eng _aeng |
||
| 082 | _aU.2.p1G:f, N1 | ||
| 100 |
_aMurli C.R.Krishna _9610166 |
||
| 245 | 0 |
_aGanga _b a scientific study |
|
| 260 |
_aNew Delhi _bNorthern Book Centre _c1991 |
||
| 300 |
_axvii;246p _ccm. |
||
| 650 | _aGEOGRAPHY | ||
| 700 |
_a Bilgrami K.S _9610167 |
||
| 700 |
_a Das T.M. _9610168 |
||
| 700 |
_a Mathur R.P _9610169 |
||
| 942 |
_hU.2.p1G:f, N1 _cTEXL _2cc |
||
| 999 |
_c985495 _d985495 |
||